| 000 | 00750nam a2200241 a 4500 | ||
|---|---|---|---|
| 001 | ASIN0316319309 | ||
| 005 | 20170105102931.0 | ||
| 008 | 140409s1987 xxu eng d | ||
| 020 |
_a0316319309 (paperback) _c$11.95 |
||
| 020 | _a9780316319300 (paperback) | ||
| 040 | _a0 | ||
| 050 | 0 | 4 | _aKF9084 |
| 082 | 0 | 4 |
_a347.739 _bGOL 1987 |
| 100 | 1 | _aGoldberg, Stephen B. | |
| 245 | 1 | 0 |
_aDispute resolution supplement / _cStephen B. Goldberg. |
| 250 | _aRepr. 1985 ed. | ||
| 260 |
_a[S.l.] : _bLittle Brown & Co (T), _c1987. |
||
| 300 |
_a1 v. (unpaged) ; _c23 cm. |
||
| 650 | 0 | _aDispute resolution (Law) | |
| 650 | 0 | _aUnited States | |
| 856 | 4 | 0 |
_3Amazon.com _uhttp://www.amazon.com/exec/obidos/ASIN/0316319309/chopaconline-20 |
| 942 |
_2ddc _cBK |
||
| 999 |
_c16056 _d16056 |
||